Score 0/161 Timer 15:00
0 Plays Today
Hint Answer % Correct
Six Flags Discovery KingdomBatman The Ride
94.3%
Six Flags Fiesta TexasBatman The Ride
94.3%
Six Flags Great AdventureBatman The Ride
94.3%
Six Flags Great AmericaBatman The Ride
94.3%
Six Flags Magic MountainBatman The Ride
94.3%
Six Flags MexicoBatman The Ride
94.3%
Six Flags Over GeorgiaBatman The Ride
94.3%
Six Flags Over TexasBatman The Ride
94.3%
Six Flags St. LouisBatman The Ride
94.3%
La RondeGoliath
93%
Six Flags Fiesta TexasGoliath
93%
Six Flags Great AmericaGoliath
93%
Six Flags Magic MountainGoliath
93%
Six Flags New EnglandGoliath
93%
Six Flags Over GeorgiaGoliath
93%
Six Flags Discovery KingdomJoker
89.8%
Six Flags Great AdventureJoker
89.8%
Six Flags Great AmericaJoker
89.8%
Six Flags MexicoJoker
89.8%
Six Flags New EnglandJoker
89.8%
Six Flags Over TexasJoker
89.8%
Six Flags Great AdventureKingda Ka
84.4%
Six Flags Great AdventureEl Toro
84%
Darien LakeViper
83.6%
Six Flags Great AmericaViper
83.6%
Six Flags Magic MountainViper
83.6%
Six Flags MexicoWonder Woman
79.6%
La RondeBoomerang
79.5%
Six Flags Fiesta TexasBoomerang
79.5%
Six Flags MexicoBoomerang
79.5%
Six Flags St. LouisBoomerang
79.5%
Six Flags Magic MountainTwisted Colossus
79.5%
Six Flags Magic MountainX2
78.9%
Six Flags Fiesta TexasIron Rattler
78.4%
Six Flags AmericaSuperman - Ride of Steel
78.1%
Six Flags Discovery KingdomSuperman Ultimate Flight
77.9%
Six Flags Great AdventureSuperman - Ultimate Flight
77.9%
Six Flags Great AmericaSuperman - Ultimate Flight
77.9%
Six Flags Over GeorgiaSuperman - Ultimate Flight
77.9%
Six Flags Great AdventureNitro
77.8%
Six Flags Discovery KingdomMedusa
77.3%
Six Flags Magic MountainScream!
75.2%
Six Flags Over TexasNew Texas Giant
73.4%
Six Flags Great AdventureGreen Lantern
72.7%
Six Flags Magic MountainSuperman: Escape from Krypton
72.6%
Six Flags New EnglandSuperman the Ride
72.5%
Six Flags Magic MountainWest Coast Racers
72%
Six Flags Magic MountainTatsu
71.2%
Six Flags Magic MountainNinja
71.1%
Six Flags St. LouisNinja
71.1%
Six Flags Over GeorgiaTwisted Cyclone
70.7%
Six Flags Magic MountainApocalypse the Ride
69.8%
Six Flags Magic MountainRiddler's Revenge
69.4%
Six Flags New EnglandRiddler Revenge
69.4%
Hint Answer % Correct
Darien LakeMind Eraser
67%
Six Flags AmericaMind Eraser
67%
Six Flags Great AdventureBizarro
66.1%
Six Flags Over TexasMr. Freeze Reverse Blast
65.7%
Six Flags St. LouisMr. Freeze Reverse Blast
65.7%
Six Flags Magic MountainFull Throttle
65.2%
Six Flags New EnglandWicked Cyclone
65%
Darien LakeRide of Steel
64.8%
Six Flags Fiesta TexasPandemonium
64%
Six Flags New EnglandPandemonium
64%
Six Flags Over TexasPandemonium
64%
Six Flags St. LouisPandemonium
64%
Six Flags Great AmericaRaging Bull
63.5%
Six Flags Fiesta TexasWonder Woman Golden Lasso Coaster
62.2%
Six Flags Fiesta TexasSuperman Krypton Coaster
61.8%
Six Flags MexicoSuperman Krypton Coaster
61.8%
Six Flags Discovery KingdomRoadrunner Express
61.5%
Six Flags Fiesta TexasRoad Runner Express
61.5%
Six Flags Magic MountainRoad Runner Express
61.5%
Six Flags St. LouisBoss
59.9%
Six Flags Magic MountainNew Revolution
59.6%
Six Flags Great AmericaAmerican Eagle
59.6%
Six Flags Discovery KingdomFlash: Vertical Velocity
59.4%
Six Flags AmericaBatwing
58.8%
Six Flags MexicoMedusa Steel Coaster
58.1%
Six Flags Over TexasTitan
58%
Six Flags AmericaJoker's Jinx
57.9%
Six Flags AmericaRoar
57.1%
Six Flags Great AmericaMaxx Force
56.6%
Frontier CityDiamond Back
56.3%
Six Flags Great AdventureSkull Mountain
56.1%
Six Flags AmericaFirebird
54.6%
Six Flags Great AmericaVertical Velocity
54.1%
Six Flags Great AdventureDark Knight
54.1%
Six Flags Great AmericaDark Knight
54.1%
Six Flags MexicoDark Knight
54.1%
Six Flags Over GeorgiaMind Bender
53.7%
Six Flags Great AmericaX-Flight
52.9%
Darien LakePredator
52.9%
Six Flags Great AdventureRunaway Mine Train
52%
Six Flags Over TexasRunaway Mine Train
52%
Six Flags Fiesta TexasPoltergeist
51.8%
Darien LakeTantrum
51.3%
Six Flags Magic MountainGold Rusher
51%
Six Flags Over GeorgiaDare Devil Dive
50.3%
Darien LakeBoomerang Coast to Coaster
50.1%
Six Flags Discovery KingdomBoomerang Coast to Coaster
50.1%
Six Flags St. LouisAmerican Thunder
50.1%
Six Flags Over GeorgiaGeorgia Scorcher
49.1%
Six Flags Over GeorgiaGreat American Scream Machine
48.2%
Six Flags Over TexasShock Wave
48%
Great EscapeFlashback
47.9%
Six Flags New EnglandFlashback
47.9%
Six Flags Great AmericaDemon
47.4%
Hint Answer % Correct
Great EscapeCanyon Blaster
47.3%
Six Flags Magic MountainCanyon Blaster
47.3%
Six Flags Discovery KingdomHarley Quinn Crazy Coaster
47.1%
Great EscapeComet
47%
Six Flags AmericaWild One
46.2%
Frontier CitySilver Bullet
45.9%
La RondeVampire
45.7%
Six Flags Great AdventureJersey Devil Coaster
45%
Six Flags Over GeorgiaBlue Hawk
44.3%
Six Flags Great AmericaWhizzer
44%
Six Flags Discovery KingdomKong
43.9%
La RondeVipère
43.6%
Six Flags New EnglandBatman - The Dark Knight
43.3%
Six Flags MexicoSuperman El Último Escape
43.2%
Six Flags Great AdventureHarley Quinn Crazy Train
40.1%
La RondeMonstre
40.1%
Darien LakeMoto Coaster
39.9%
Six Flags Magic MountainSpeedy Gonzales Hot Rod Racers
39.8%
Frontier CityWildcat
39.5%
Six Flags AmericaRagin' Cajun
38.8%
Six Flags Over TexasJudge Roy Scream
38.7%
Six Flags Over TexasLa Vibora
38.1%
Six Flags Magic MountainMagic Flyer
37.9%
Six Flags Over GeorgiaJoker Funhouse Coaster
35.8%
Six Flags St. LouisScreamin' Eagle
35.1%
Frontier CitySteel Lasso
34.9%
Six Flags Discovery KingdomCobra
34.2%
Six Flags Over TexasMini Mine Train
34%
Great EscapeAlpine Bobsled
32.9%
Six Flags New EnglandCatwoman's Whip
32.5%
Six Flags Over GeorgiaDahlonega Mine Train
30.3%
Great EscapeSteamin' Demon
30.1%
La RondeEdnör - L'Attaque
30%
Six Flags Over TexasAquaman: Power Wave
30%
Six Flags Over TexasRunaway Mountain
29.8%
Six Flags New EnglandThunderbolt
29.7%
Frontier CityFrankie's Mine Train
29.6%
Great EscapeFrankie's Mine Train
29.6%
Six Flags Great AmericaLittle Dipper
29%
Six Flags AmericaGreat Chase
28.1%
Six Flags New EnglandGreat Chase
28.1%
Six Flags Discovery KingdomSidewinder Safari
27%
Darien LakeHoot N Holler
25.6%
Six Flags St. LouisRiver King Mine Train
25%
Six Flags Great AmericaSprocket Rockets
24.8%
La RondeDragon
24%
Six Flags Great AdventureRoad Runner Railway
22.3%
Six Flags MexicoTsunami
19.3%
Six Flags New EnglandGotham City Gauntlet Escape from Arkham Asylum
18.6%
La RondeToboggan Nordique
16.3%
La RondeMarche du Mille-Pattes
15.6%
Six Flags Fiesta TexasSteamliner Coaster
15.6%
Six Flags Over TexasWile E. Coyote's Grand Canyon Blaster
14.2%
Remove Ads.
Support Sporcle.
Get the best of Sporcle when you Go Orange. This ad-free experience offers more features, more stats, and more fun while also helping to support Sporcle. Thank you for becoming a member.

You're not logged in!

Compare scores with friends on all Sporcle quizzes.
OR
Log In

Show Comments

Extras

Top Quizzes Today


Score Distribution

Your Account Isn't Verified!

In order to create a playlist on Sporcle, you need to verify the email address you used during registration. Go to your Sporcle Settings to finish the process.

Report this User

Report this user for behavior that violates our Community Guidelines.

Details: